[Event "4NCL/Div1/AD-BARB1"]
[Site "Rd1-Birmingham"]
[Date "1999.10.09"]
[Round "1.2"]
[White "Crouch, Colin"]
[Black "Richardson, John"]
[Result "1/2-1/2"]
[WhiteElo "2423"]
[BlackElo "2315"]
[PlyCount "117"]
[EventDate "1999.10.09"]
[SourceDate "2000.01.01"]

1. d4 Nf6 2. c4 e6 3. Nf3 d5 4. Nc3 Bb4 5. cxd5 exd5 6. Bg5 h6 7. Bxf6 Qxf6 8.
e3 O-O 9. a3 Bxc3+ 10. bxc3 Bf5 11. c4 dxc4 12. Bxc4 c5 13. O-O Nd7 14. Bd5
Rab8 15. Rc1 Rfd8 16. dxc5 Ne5 17. Qb3 Nd3 18. Rcd1 Nxc5 19. Qc4 Rbc8 20. Bxf7+
Qxf7 21. Rxd8+ Rxd8 22. Qxc5 b6 23. Qe5 Rd5 24. Qb2 Rc5 25. Rc1 Be4 26. Rxc5
bxc5 27. Nd2 Bd3 28. Qc3 c4 29. f3 Qc7 30. g3 Qc6 31. Kf2 Kh7 32. Nb3 Qa4 33.
Nd4 Qd1 34. Qe1 Qa4 35. Qa1 Qa5 36. Qc1 Qh5 37. h4 Qd5 38. Qc3 Qd7 39. e4 g6
40. Ke3 h5 41. Qa5 Bf1 42. Qd5 Qe7 43. Kf2 Bh3 44. Nc2 Be6 45. Qd4 Bf7 46. Ke1
Qb7 47. Kd2 a5 48. Qf6 Qd7+ 49. Nd4 Kg8 50. Kc3 Qa4 51. Qd8+ Kg7 52. Qe7 Kg8
53. Qd8+ Kg7 54. Qd6 Kg8 55. Qb8+ Kg7 56. Qe5+ Kg8 57. Qb8+ Kg7 58. Qd6 Kg8 59.
Qb8+ 1/2-1/2

[Event "4NCL/Div1/AD-BARB1"]
[Site "Rd1-Birmingham"]
[Date "1999.10.09"]
[Round "1.3"]
[White "Friedgood, David"]
[Black "Collinson, Adam"]
[Result "0-1"]
[WhiteElo "2244"]
[BlackElo "2405"]
[PlyCount "44"]
[EventDate "1999.10.09"]
[SourceDate "2000.01.01"]

1. c4 Nf6 2. Nc3 e5 3. Nf3 Nc6 4. e4 Bc5 5. Nxe5 Nxe5 6. d4 Bb4 7. dxe5 Nxe4 8.
Qd4 Nxc3 9. bxc3 Be7 10. Bd3 d6 11. Bf4 Be6 12. O-O-O c5 13. Qe4 Qc7 14. exd6
Bxd6 15. Bxd6 Qxd6 16. Bc2 Qa6 17. Rhe1 g6 18. Qe5 O-O 19. h4 Qxa2 20. h5 Qa3+
21. Kb1 Bxc4 22. Rd2 Rae8 0-1

[Event "4NCL/Div1/AD-BARB1"]
[Site "Rd1-Birmingham"]
[Date "1999.10.09"]
[Round "1.4"]
[White "Hansen, Carsten"]
[Black "Lyell, Mark"]
[Result "1/2-1/2"]
[WhiteElo "2313"]
[BlackElo "2238"]
[PlyCount "90"]
[EventDate "1999.10.09"]
[SourceDate "2000.01.01"]

1. c4 f5 2. d4 g6 3. g3 Bg7 4. Bg2 Nf6 5. Nc3 O-O 6. Nh3 Nc6 7. Nf4 d6 8. d5
Ne5 9. Qb3 a6 10. O-O Rb8 11. a4 Qe8 12. Nd3 Qf7 13. Nb4 Bd7 14. f4 Neg4 15. h3
Nh6 16. Be3 Ne4 17. Nxe4 fxe4 18. g4 c5 19. Nc2 b5 20. axb5 axb5 21. Ra7 Qe8
22. Bc1 e5 23. fxe5 Rxf1+ 24. Bxf1 bxc4 25. Qe3 Nf7 26. e6 Bxe6 27. dxe6 Qxe6
28. Bg2 Bh6 29. Qxe4 Qxe4 30. Bxe4 Bxc1 31. Bd5 Rf8 32. Rb7 Kg7 33. Bxc4 Kf6
34. b3 Ne5 35. Bd5 h6 36. Kg2 Kg5 37. Re7 Rf6 38. Re8 h5 39. gxh5 gxh5 40. Rg8+
Rg6 41. Ne1 Rxg8 42. Bxg8 Kf4 43. Nd3+ Nxd3 44. exd3 Ke3 45. Bc4 h4 1/2-1/2

[Event "4NCL/Div1/AD-BARB1"]
[Site "Rd1-Birmingham"]
[Date "1999.10.09"]
[Round "1.5"]
[White "Cafferty, Bernard"]
[Black "Knott, Simon"]
[Result "0-1"]
[WhiteElo "2197"]
[BlackElo "2348"]
[PlyCount "92"]
[EventDate "1999.10.09"]
[SourceDate "2000.01.01"]

1. Nf3 Nf6 2. b3 g6 3. Bb2 Bg7 4. g3 d6 5. d4 c5 6. e3 Ne4 7. Bg2 Nc6 8. O-O
O-O 9. Nbd2 Bf5 10. Nh4 Nxd2 11. Qxd2 Be6 12. Rad1 cxd4 13. exd4 d5 14. f4 Qd7
15. Qf2 Bg4 16. Rd2 Rac8 17. c3 Bf6 18. Nf3 Bxf3 19. Bxf3 b5 20. Ba3 Rfd8 21.
Re1 e6 22. Be2 Be7 23. Bb2 Rb8 24. Red1 Bf6 25. Kf1 Bg7 26. Bd3 a5 27. Bc2 Ne7
28. g4 Rdc8 29. Re2 b4 30. cxb4 axb4 31. Bd3 Rb6 32. Rc2 Rxc2 33. Qxc2 Rc6 34.
Qd2 Qb7 35. Bb1 f5 36. h3 Nc8 37. Qe2 Qd7 38. Qb5 Bf8 39. Qe2 Nd6 40. Kg2 Ne4
41. Rf1 Qc7 42. Bxe4 fxe4 43. Rf2 Qc8 44. Kf1 Be7 45. g5 Bd6 46. Ke1 Bxf4 0-1

[Event "4NCL/Div1/AD-BARB1"]
[Site "Rd1-Birmingham"]
[Date "1999.10.09"]
[Round "1.6"]
[White "Dishman, Stephen"]
[Black "Bellin, Jana"]
[Result "1-0"]
[WhiteElo "2364"]
[BlackElo "2163"]
[PlyCount "77"]
[EventDate "1999.10.09"]
[SourceDate "2000.01.01"]

1. d4 Nf6 2. Bg5 e6 3. Nd2 d5 4. e3 Be7 5. Ngf3 h6 6. Bh4 c5 7. c3 Nc6 8. Bd3
b6 9. O-O O-O 10. Ne5 Nxe5 11. dxe5 Nd7 12. Bxe7 Qxe7 13. f4 f6 14. Qh5 Bb7 15.
Qg6 f5 16. g4 Rf7 17. Nf3 Nf8 18. Qh5 fxg4 19. Qxg4 Rd8 20. Rad1 d4 21. exd4
Bxf3 22. Rxf3 cxd4 23. c4 Qc5 24. Rdf1 a5 25. a3 Qe7 26. R1f2 Nd7 27. Bg6 Rff8
28. Rh3 d3 29. Bxd3 Nxe5 30. fxe5 Rxf2 31. Kxf2 Qc5+ 32. Kg2 Qxe5 33. Qe2 Qf6
34. Rf3 Qg5+ 35. Rg3 Qf6 36. Kh1 e5 37. Rf3 Qg5 38. Qe4 Qc1+ 39. Rf1 1-0

[Event "4NCL/Div1/AD-BARB1"]
[Site "Rd1-Birmingham"]
[Date "1999.10.09"]
[Round "1.7"]
[White "Anderton, David"]
[Black "Lehtivaara, Petri"]
[Result "1/2-1/2"]
[WhiteElo "2228"]
[BlackElo "2336"]
[PlyCount "96"]
[EventDate "1999.10.09"]
[SourceDate "2000.01.01"]

1. d4 Nf6 2. c4 e6 3. Nc3 Bb4 4. Qc2 O-O 5. e4 d5 6. e5 Ne4 7. Bd3 c5 8. cxd5
exd5 9. Nge2 Nc6 10. O-O cxd4 11. Nxd5 Qxd5 12. Bxe4 Qxe5 13. Bxh7+ Kh8 14. Bf4
Qf6 15. Be4 Bg4 16. f3 Be6 17. a3 Be7 18. g4 g5 19. Bd2 Rac8 20. Qa4 Rfd8 21.
f4 Bxg4 22. fxg5 Qe6 23. Ng3 Ne5 24. Rae1 b5 25. Qxb5 Rc5 26. Qb7 Rd7 27. Qa8+
Rd8 28. Qxa7 Rd7 29. Qa8+ Rd8 30. Qa4 Qb6 31. b4 Rc3 32. Qa5 Qxa5 33. bxa5 Rxa3
34. Ra1 Nc4 35. Rxa3 Bxa3 36. Bc1 d3 37. Bxd3 Rxd3 38. Bxa3 Rxa3 39. Rxf7 Rxa5
40. Ne4 Ne5 41. Rf4 Kg7 42. h4 Ra4 43. Kg2 Ra2+ 44. Nf2 Bh5 45. Kg3 Ra3+ 46.
Kh2 Nf3+ 47. Kg2 Ne1+ 48. Kh2 Nf3+ 1/2-1/2

[Event "4NCL/Div1/AD-BARB1"]
[Site "Rd1-Birmingham"]
[Date "1999.10.09"]
[Round "1.8"]
[White "Lauterbach, Ingrid"]
[Black "Edwards, Ray"]
[Result "1-0"]
[WhiteElo "2194"]
[BlackElo "2064"]
[PlyCount "95"]
[EventDate "1999.10.09"]
[SourceDate "2000.01.01"]

1. Nf3 f5 2. d4 Nf6 3. g3 e6 4. Bg2 d5 5. O-O Bd6 6. c4 c6 7. Ne5 Nbd7 8. f4
O-O 9. Nc3 Ne4 10. Nxd7 Bxd7 11. Qb3 Qb6 12. Nxe4 fxe4 13. c5 Qxb3 14. axb3 Be7
15. Bd2 Bf6 16. Bc3 a6 17. e3 g5 18. Ba5 gxf4 19. gxf4 Bd8 20. Bxd8 Raxd8 21.
Rf2 Rf6 22. Bh3 Kf7 23. Rg2 Rg8 24. Rxg8 Kxg8 25. b4 Be8 26. Kf2 Bh5 27. Rg1+
Kf7 28. Rg5 Bg6 29. Bf1 Rf5 30. Be2 h6 31. Rg1 Bh5 32. Bf1 Rf6 33. Bh3 Bg6 34.
Bg4 Bf5 35. Bh5+ Bg6 36. Be2 Rf5 37. Bg4 Rf6 38. Bd1 Rf5 39. Bg4 Rf6 40. Rg3
Bf5 41. Be2 Bg6 42. Rg1 Rf5 43. Ra1 Ke7 44. Kg3 Rf7 45. Kh4 Kf6 46. Rg1 Rf8 47.
Bg4 Rd8 48. Bxe6 1-0

[Event "4NCL/Div1/BR-NWE"]
[Site "Rd1-Birmingham"]
[Date "1999.10.09"]
[Round "1.1"]
[White "Ansell, Simon"]
[Black "Quillan, Gary"]
[Result "1-0"]
[WhiteElo "2373"]
[BlackElo "2349"]
[PlyCount "69"]
[EventDate "1999.10.09"]
[SourceDate "2000.01.01"]

1. e4 e6 2. d3 d5 3. Nd2 Nf6 4. Ngf3 c5 5. g3 Nc6 6. Bg2 Be7 7. O-O b6 8. Re1
Bb7 9. c3 Qc7 10. a3 dxe4 11. dxe4 O-O-O 12. e5 Nd7 13. Qe2 g5 14. Nc4 Rhg8 15.
Nd6+ Bxd6 16. exd6 Qxd6 17. Bxg5 f6 18. Rad1 Qc7 19. Bc1 Rge8 20. Nd2 Nf8 21.
Ne4 f5 22. Nf6 Rxd1 23. Rxd1 Rd8 24. Bh6 Qf7 25. Bxc6 Bxc6 26. Qa6+ Bb7 27.
Rxd8+ Kxd8 28. Qxa7 Kc7 29. Bf4+ Kc6 30. c4 e5 31. Nd5 Nd7 32. Bxe5 b5 33. Nb4+
cxb4 34. cxb5+ Kxb5 35. Qxb7+ 1-0

[Event "4NCL/Div1/BR-NWE"]
[Site "Rd1-Birmingham"]
[Date "1999.10.09"]
[Round "1.2"]
[White "Littlewood, John"]
[Black "Beaumont, Chris"]
[Result "1-0"]
[WhiteElo "2303"]
[BlackElo "2295"]
[PlyCount "79"]
[EventDate "1999.10.09"]
[SourceDate "2000.01.01"]

1. e4 c5 2. Nf3 Nc6 3. Bb5 g6 4. O-O Bg7 5. Re1 Nf6 6. e5 Nd5 7. Nc3 Nc7 8.
Bxc6 dxc6 9. Ne4 Ne6 10. d3 O-O 11. Be3 b6 12. Qd2 Nd4 13. Nxd4 cxd4 14. Bh6 c5
15. Re2 Bb7 16. Rae1 Qd5 17. Bxg7 Kxg7 18. Qg5 Rae8 19. f4 h6 20. Qg3 Qd7 21.
e6 fxe6 22. Nf2 Bd5 23. Ng4 Qd6 24. Ne5 Rf6 25. h4 Kh7 26. Qg4 Rg8 27. g3 Bb7
28. Qh3 Bd5 29. a4 a6 30. b3 b5 31. axb5 axb5 32. Rf2 Ra8 33. Qg4 Bb7 34. Qe2
Qd5 35. Rh2 Ra6 36. Qd2 Ra8 37. Qe2 Ra6 38. Qg4 h5 39. Qg5 Ra8 40. f5 1-0

[Event "4NCL/Div1/BR-NWE"]
[Site "Rd1-Birmingham"]
[Date "1999.10.09"]
[Round "1.3"]
[White "Cobb, Charles"]
[Black "Lund, Brett"]
[Result "0-1"]
[WhiteElo "2274"]
[BlackElo "2291"]
[PlyCount "56"]
[EventDate "1999.10.09"]
[SourceDate "2000.01.01"]

1. c4 d6 2. Nc3 e5 3. g3 f5 4. Bg2 Nf6 5. d4 Be7 6. dxe5 dxe5 7. Qxd8+ Bxd8 8.
b3 O-O 9. Ba3 Re8 10. e4 Nc6 11. O-O-O a5 12. Nge2 Nb4 13. exf5 Bxf5 14. Bxb7
Rb8 15. Bxb4 axb4 16. Bd5+ Nxd5 17. Nxd5 c6 18. Ne3 Be4 19. Rhe1 Ra8 20. Rd2
Bb6 21. g4 Ra7 22. Ng3 Bf3 23. h3 Bd4 24. Ne2 Bc5 25. Ng1 Be4 26. Nf5 Bxf5 27.
gxf5 Rf7 28. Ne2 Bxf2 0-1

[Event "4NCL/Div1/BR-NWE"]
[Site "Rd1-Birmingham"]
[Date "1999.10.09"]
[Round "1.4"]
[White "Kennaugh, Charles"]
[Black "Buckley, Simon"]
[Result "0-1"]
[WhiteElo "2290"]
[BlackElo "2216"]
[PlyCount "56"]
[EventDate "1999.10.09"]
[SourceDate "2000.01.01"]

1. e4 c5 2. Nf3 Nc6 3. d4 cxd4 4. Nxd4 Nf6 5. Nc3 e5 6. Nxc6 bxc6 7. Qf3 Be7 8.
Bc4 O-O 9. Bg5 Rb8 10. Bb3 d6 11. h3 Nd7 12. Be3 Qc7 13. g4 Nc5 14. Qe2 Rd8 15.
g5 Nxb3 16. axb3 d5 17. Rxa7 Rb7 18. Rxb7 Bxb7 19. Bd2 Ra8 20. O-O Ba6 21. Qf3
Bxf1 22. Kxf1 dxe4 23. Nxe4 Qd7 24. Kg2 Qe6 25. Ng3 Qd5 26. Nf5 Bf8 27. Bc3 e4
28. Nh6+ gxh6 0-1

[Event "4NCL/Div1/BR-NWE"]
[Site "Rd1-Birmingham"]
[Date "1999.10.09"]
[Round "1.5"]
[White "Ledger, David"]
[Black "Tebb, David"]
[Result "1-0"]
[WhiteElo "2240"]
[BlackElo "2272"]
[PlyCount "41"]
[EventDate "1999.10.09"]
[SourceDate "2000.01.01"]

1. e4 d5 2. exd5 Nf6 3. Nf3 Nxd5 4. d4 Bf5 5. Bd3 Bxd3 6. Qxd3 c6 7. c4 Nf6 8.
O-O e6 9. Nc3 Be7 10. Bf4 O-O 11. Rad1 Nbd7 12. Rfe1 Re8 13. Ne5 Nh5 14. Bc1 g6
15. g4 Nhf6 16. Qf3 Nxe5 17. dxe5 Nd7 18. Bh6 Qc7 19. Ne4 Nxe5 20. Nf6+ Kh8 21.
Rxe5 1-0

[Event "4NCL/Div1/BR-NWE"]
[Site "Rd1-Birmingham"]
[Date "1999.10.09"]
[Round "1.6"]
[White "Hague, Ben"]
[Black "McFarland, Robert"]
[Result "0-1"]
[WhiteElo "2240"]
[BlackElo "2267"]
[PlyCount "62"]
[EventDate "1999.10.09"]
[SourceDate "2000.01.01"]

1. e4 g6 2. d4 Bg7 3. Nc3 d6 4. Be3 a6 5. a4 b6 6. Nf3 Bb7 7. Bc4 e6 8. O-O Nf6
9. e5 dxe5 10. Nxe5 O-O 11. Qe2 Qd6 12. Rad1 Nbd7 13. f4 Nd5 14. Ne4 Qe7 15.
Bb3 N7f6 16. Ng5 h6 17. Ngxf7 Rxf7 18. c4 Nxe3 19. Qxe3 Nd7 20. Nxg6 Qf6 21.
Bc2 c5 22. d5 exd5 23. cxd5 Qd4 24. Qxd4 Bxd4+ 25. Kh1 Bxd5 26. Rfe1 Nf6 27. b4
Rd8 28. bxc5 bxc5 29. Ne7+ Kf8 30. Ng6+ Kg7 31. Rd3 Ne4 0-1

[Event "4NCL/Div1/BR-NWE"]
[Site "Rd1-Birmingham"]
[Date "1999.10.09"]
[Round "1.7"]
[White "Jakubovics, Nick"]
[Black "James, Dale"]
[Result "0-1"]
[WhiteElo "2238"]
[BlackElo "2239"]
[PlyCount "112"]
[EventDate "1999.10.09"]
[SourceDate "2000.01.01"]

1. e4 c5 2. Nf3 Nc6 3. d4 cxd4 4. Nxd4 g6 5. c4 Bg7 6. Be3 Nf6 7. f3 h5 8. Qd2
d6 9. Be2 Bd7 10. Nc3 a6 11. O-O h4 12. Nd5 Nxd5 13. cxd5 Nxd4 14. Bxd4 O-O 15.
Bxg7 Kxg7 16. Qd4+ Kg8 17. f4 h3 18. f5 f6 19. Qe3 Kg7 20. Rf3 Rh8 21. Rg3 Be8
22. gxh3 Rc8 23. Rc1 Rxc1+ 24. Qxc1 Qb6+ 25. Kg2 Qd4 26. Qc2 g5 27. Rc3 Rh4 28.
Bg4 Bb5 29. a4 Bxa4 30. b3 Bb5 31. Rc7 Kf7 32. Bf3 Qe3 33. Qd1 g4 34. hxg4 Qh6
35. Qg1 Qd2+ 36. Kg3 Rh8 37. Qg2 Qg5 38. h3 Qh4+ 39. Kh2 Qe1 40. Rc2 Bf1 41.
Qf2 Rxh3+ 42. Kg1 Qb1 43. Rb2 Qd3 44. Qxf1 Qxf3 45. Qxf3 Rxf3 46. b4 Re3 47.
Kf2 Rxe4 48. Kf3 Rd4 49. b5 a5 50. b6 Rxd5 51. Ke4 Rc5 52. Rh2 Rb5 53. Ra2 Ke8
54. Rh2 Rxb6 55. Rh7 Rb4+ 56. Kf3 a4 0-1

[Event "4NCL/Div1/GU-BIG1"]
[Site "Rd1-Birmingham"]
[Date "1999.10.09"]
[Round "1.1"]
[White "Plaskett, James"]
[Black "Parker, Jonathan"]
[Result "1/2-1/2"]
[WhiteElo "2516"]
[BlackElo "2523"]
[PlyCount "124"]
[EventDate "1999.10.09"]
[SourceDate "2000.01.01"]

1. Nf3 d5 2. c4 e6 3. b3 Nf6 4. Bb2 Be7 5. g3 O-O 6. Bg2 b6 7. O-O Bb7 8. e3
Nbd7 9. Qe2 a5 10. Nc3 a4 11. d4 a3 12. Bc1 Bb4 13. Bd2 Qe7 14. Rac1 Rac8 15.
Rfd1 Rfd8 16. Ne5 c6 17. Nxd7 Nxd7 18. e4 dxe4 19. Nxe4 Bxd2 20. Rxd2 c5 21.
Rcd1 cxd4 22. Rxd4 Bxe4 23. Qxe4 Nf8 {(Corrected score 3/11/99)} 24. Qd3 Rxd4
25. Qxd4 Qa7 26. Qd6 h6 27. Kf1 Nh7 28. Qd7 Qb8 29. Qa4 Rd8 30. Rxd8+ Qxd8 31.
Qa8 Qxa8 32. Bxa8 Kf8 33. Ke2 Ke7 34. Kd3 e5 35. Kc3 f5 36. Kb4 Kd6 37. Kxa3
Nf6 38. Bf3 g5 39. Kb4 f4 40. gxf4 gxf4 41. Be2 e4 42. f3 e3 43. Kb5 Kc7 44. c5
Nh5 45. cxb6+ Kb8 46. Kc4 Ng3 47. Bd3 e2 48. Bxe2 Nxe2 49. Kd3 Nc1+ 50. Ke4
Nxa2 51. Kxf4 Nc1 52. Kf5 Nxb3 53. Kg6 Nd4 54. f4 Kb7 55. Kxh6 Kxb6 56. h4 Kc6
57. h5 Kd7 58. Kg6 Ke7 59. h6 Ne6 60. f5 Nf8+ 61. Kg7 Ke8 62. Kg8 Nd7 1/2-1/2

[Event "4NCL/Div1/GU-BIG1"]
[Site "Rd1-Birmingham"]
[Date "1999.10.09"]
[Round "1.2"]
[White "Webster, Andrew"]
[Black "King, Daniel"]
[Result "1/2-1/2"]
[WhiteElo "2427"]
[BlackElo "2501"]
[PlyCount "82"]
[EventDate "1999.10.09"]
[SourceDate "2000.01.01"]

1. d4 Nf6 2. Nf3 e6 3. Bg5 h6 4. Bxf6 Qxf6 5. e4 d6 6. Nc3 Nd7 7. Qd2 Qd8 8.
Bc4 g6 9. h4 Bg7 10. O-O-O O-O 11. d5 Nb6 12. Bb3 exd5 13. Nxd5 Be6 14. h5 Bxd5
15. exd5 g5 16. c3 Nd7 17. Bc2 Re8 18. Qd3 Kf8 19. Qf5 Nf6 20. g4 Qd7 21. Qxd7
Nxd7 22. Bf5 Nf6 23. Kc2 Re2+ 24. Rd2 Rae8 25. Rhd1 Nxd5 26. Rxe2 Rxe2+ 27. Rd2
Rxd2+ 28. Nxd2 Ne7 29. Bd7 Nd5 30. Nc4 Ke7 31. Bc8 b6 32. Ne3 Nf4 33. c4 Kf6
34. Nf5 Bf8 35. Nd4 d5 36. cxd5 Nxd5 37. Nc6 a5 38. Bf5 Bc5 39. Be4 Nf4 40. f3
Ne6 41. Kd3 Bd6 1/2-1/2

[Event "4NCL/Div1/GU-BIG1"]
[Site "Rd1-Birmingham"]
[Date "1999.10.09"]
[Round "1.3"]
[White "Rowson, Jonathan"]
[Black "Kelly, Brian"]
[Result "1-0"]
[WhiteElo "2490"]
[BlackElo "2417"]
[PlyCount "101"]
[EventDate "1999.10.09"]
[SourceDate "2000.01.01"]

1. e4 e6 2. d4 d5 3. Nc3 Bb4 4. e5 Ne7 5. a3 Bxc3+ 6. bxc3 b6 7. Qg4 Ng6 8. h4
h5 9. Qd1 Ba6 10. Bxa6 Nxa6 11. Ne2 Qd7 12. Ng3 Qc6 13. Bd2 Qa4 14. Nxh5 Rh7
15. Nf4 Ne7 16. h5 c5 17. Be3 Rc8 18. O-O cxd4 19. cxd4 Qxc2 20. Qg4 Qa4 21. h6
g6 22. Rfc1 Rxc1+ 23. Rxc1 Qd7 24. Qg5 Nb8 25. g4 Nbc6 26. Nh3 Na5 27. Qf6 Nec6
28. Ng5 Rxh6 29. Nxf7 Qxf7 30. Qxf7+ Kxf7 31. Bxh6 Nxd4 32. Rc7+ Ke8 33. f4 Nc4
34. Rxa7 g5 35. Bxg5 Nf3+ 36. Kf2 Nxg5 37. fxg5 Nxe5 38. Rb7 Nc4 39. g6 Kf8 40.
a4 e5 41. Rd7 d4 42. Ke2 Nb2 43. Rf7+ Kg8 44. Re7 Kf8 45. g7+ Kg8 46. Kf3 Nxa4
47. Ke4 Nc3+ 48. Kxe5 d3 49. Rd7 d2 50. Rxd2 Kxg7 51. Kf5 1-0

[Event "4NCL/Div1/GU-BIG1"]
[Site "Rd1-Birmingham"]
[Date "1999.10.09"]
[Round "1.4"]
[White "Arkell, Keith"]
[Black "Kinsman, Andrew"]
[Result "0-1"]
[WhiteElo "2462"]
[BlackElo "2399"]
[PlyCount "80"]
[EventDate "1999.10.09"]
[SourceDate "2000.01.01"]

1. d4 Nf6 2. Nf3 c5 3. d5 e6 4. c4 exd5 5. cxd5 d6 6. Nc3 g6 7. g3 Bg7 8. Bg2
O-O 9. O-O Nbd7 10. Bf4 Qe7 11. Qd2 a6 12. a4 Ng4 13. h3 Nge5 14. Nxe5 Nxe5 15.
a5 Rb8 16. Na4 Bd7 17. Nb6 Bb5 18. b4 cxb4 19. Qxb4 g5 20. Bxe5 Bxe5 21. Rac1
f5 22. Rfe1 h5 23. f4 gxf4 24. gxf4 Qh4 25. e3 Kh8 26. Qd2 Bf6 27. Qc2 Rbe8 28.
Kh1 Rg8 29. Qxf5 Bc3 30. Rg1 Rxe3 31. Bf3 Rxf3 32. Rxg8+ Kxg8 33. Qg6+ Kf8 34.
Qh6+ Kf7 35. Qh7+ Kf6 36. Qh6+ Kf5 37. Qe6+ Kxf4 38. Qxd6+ Be5 39. Qb4+ Kg3 40.
Rg1+ Kxh3 0-1

[Event "4NCL/Div1/GU-BIG1"]
[Site "Rd1-Birmingham"]
[Date "1999.10.09"]
[Round "1.6"]
[White "Baker, Chris W"]
[Black "Webb, Richard"]
[Result "1-0"]
[WhiteElo "2357"]
[BlackElo "2351"]
[PlyCount "67"]
[EventDate "1999.10.09"]
[SourceDate "2000.01.01"]

1. d4 Nf6 2. c4 g6 3. f3 d5 4. cxd5 Nxd5 5. e4 Nb6 6. Nc3 Bg7 7. Be3 O-O 8. Rc1
e5 9. dxe5 Bxe5 10. f4 Bg7 11. Nf3 Be6 12. Qxd8 Rxd8 13. Ng5 Bd7 14. Bxb6 axb6
15. Bc4 Be8 16. Nd5 Na6 17. e5 b5 18. Bb3 c5 19. Nb6 Rab8 20. Bd5 Nb4 21. Rd1
c4 22. O-O h6 23. Ne4 Nxa2 24. b3 Nb4 25. bxc4 bxc4 26. Bxc4 Nc2 27. Kf2 g5 28.
g3 gxf4 29. gxf4 Nd4 30. Nd6 Nc6 31. Rg1 Kf8 32. Rd3 h5 33. Nxe8 Rxe8 34. Nd7+
1-0

[Event "4NCL/Div1/GU-BIG1"]
[Site "Rd1-Birmingham"]
[Date "1999.10.09"]
[Round "1.7"]
[White "Thompson, Ian"]
[Black "Hunt, Harriet"]
[Result "0-1"]
[WhiteElo "2261"]
[BlackElo "2420"]
[PlyCount "102"]
[EventDate "1999.10.09"]
[SourceDate "2000.01.01"]

1. c4 e5 2. Nc3 Nc6 3. g3 d6 4. Bg2 Be6 5. d3 Qd7 6. Nd5 Nd8 7. e4 g6 8. f4 Bg7
9. Nf3 Ne7 10. O-O O-O 11. Rb1 Kh8 12. b3 c6 13. Nxe7 Qxe7 14. Bb2 Bd7 15. c5
exf4 16. cxd6 Qxd6 17. e5 Qc5+ 18. Bd4 Qe7 19. gxf4 Bf5 20. Rc1 Ne6 21. Be3
Rfd8 22. d4 Rd7 23. Qe1 Be4 24. Qf2 Rad8 25. Bh3 Bxf3 26. Bxe6 Qxe6 27. Qxf3
Qf5 28. Rf2 Rd5 29. Kg2 Kg8 30. Qh3 Qxh3+ 31. Kxh3 f5 32. Kg2 Kf7 33. Rf3 Bf8
34. Rc4 Be7 35. Rh3 Kg7 36. Rf3 Re8 37. Bd2 Red8 38. Be3 R8d7 39. Bf2 Bd8 40.
Rc5 Bb6 41. Rxd5 Rxd5 42. Rd3 c5 43. Kf3 cxd4 44. Ke2 Kf7 45. Kd2 Ke6 46. h4
Rd7 47. h5 g5 48. fxg5 Kxe5 49. Ke2 Ke4 50. Be1 f4 51. a4 f3+ 0-1

[Event "4NCL/Div1/GU-BIG1"]
[Site "Rd1-Birmingham"]
[Date "1999.10.09"]
[Round "1.8"]
[White "Georghiou, Paul"]
[Black "Yurenok, Maria"]
[Result "1-0"]
[WhiteElo "2243"]
[BlackElo "1912"]
[PlyCount "147"]
[EventDate "1999.10.09"]
[SourceDate "2000.01.01"]

1. d4 Nf6 2. Nf3 c5 3. c3 e6 4. Bg5 d5 5. e3 Be7 6. Nbd2 b6 7. Ne5 O-O 8. Bd3
Ba6 9. Bxa6 Nxa6 10. Nc6 Qd7 11. Nxe7+ Qxe7 12. O-O e5 13. dxe5 Qxe5 14. Nf3
Qe6 15. Bxf6 gxf6 16. Qa4 Nc7 17. Rad1 Rfd8 18. Rfe1 Qe4 19. Qxe4 dxe4 20. Nd2
f5 21. Nc4 Ne8 22. f3 exf3 23. gxf3 f6 24. Kf2 Kf7 25. a4 Rab8 26. Kg3 Ke6 27.
e4 fxe4 28. Rxe4+ Kf7 29. Rde1 Rd7 30. Re6 Rbd8 31. R6e4 Nc7 32. R1e2 Nd5 33.
Kf2 Nc7 34. Ne3 Rd2 35. Nf5 Rxe2+ 36. Kxe2 Rd7 37. Rg4 Kf8 38. Ke3 Ne6 39. h4
Nc7 40. Ke4 Ne6 41. Nh6 Ng7 42. Rg2 Ke8 43. b4 Re7+ 44. Kd5 cxb4 45. cxb4 Kd7
46. Kc4 Ne8 47. Rd2+ Kc7 48. Nf5 Re5 49. Nd4 Nd6+ 50. Kc3 a6 51. Rg2 Re3+ 52.
Kc2 Re7 53. Kd3 b5 54. axb5 axb5 55. Rc2+ Kd7 56. Rc5 Re5 57. f4 Rxc5 58. bxc5
Ne8 59. Nxb5 Kc6 60. Kc4 Ng7 61. Nd4+ Kc7 62. Kd5 Nh5 63. Ne6+ Kc8 64. Kd6 Ng3
65. Nd4 h5 66. c6 Ne4+ 67. Kd5 Nc3+ 68. Ke6 Kc7 69. Kxf6 Nd5+ 70. Kg5 Kd6 71.
f5 Ke7 72. Kg6 Nf4+ 73. Kg7 Nd5 74. c7 1-0

[Event "4NCL/Div1/IKHH-RI"]
[Site "Rd1-Birmingham"]
[Date "1999.10.09"]
[Round "1.1"]
[White "Hennigan, Michael"]
[Black "Williams, Simon"]
[Result "1/2-1/2"]
[WhiteElo "2456"]
[BlackElo "2421"]
[PlyCount "111"]
[EventDate "1999.10.09"]
[SourceDate "2000.01.01"]

1. Nf3 f5 2. g3 Nf6 3. Bg2 e6 4. O-O c6 5. d3 d6 6. c4 Be7 7. Nc3 O-O 8. e4 e5
9. exf5 Bxf5 10. d4 Qc7 11. Re1 Nbd7 12. h3 h6 13. Be3 Bh7 14. Rc1 Rae8 15. d5
c5 16. Nd2 a6 17. h4 Bf5 18. Nde4 Qb8 19. a4 Bd8 20. f3 Ba5 21. Bd2 Re7 22. Qe2
Ref7 23. Rf1 Bb4 24. Kh2 Nb6 25. b3 Qd8 26. Nxf6+ Qxf6 27. Ne4 Qg6 28. Bxb4
cxb4 29. c5 dxc5 30. Rxc5 Bxe4 31. fxe4 Rxf1 32. Bxf1 Nd7 33. Rc4 Qb6 34. Rc2
Qd4 35. Bh3 Nc5 36. Bf5 Nxb3 37. Qc4 Nd2 38. Qxd4 Nf3+ 39. Kg2 Nxd4 40. Rc7 b5
41. d6 Rd8 42. d7 Kf7 43. axb5 Nxb5 44. Rc6 Nd4 45. Rxa6 Rb8 46. Rb6 Rd8 47.
Rxb4 Nxf5 48. exf5 Rxd7 49. Rb6 Rd2+ 50. Kf3 Rd3+ 51. Kf2 e4 52. g4 h5 53. gxh5
Rf3+ 54. Ke2 Rxf5 55. h6 gxh6 56. Rxh6 1/2-1/2

[Event "4NCL/Div1/IKHH-RI"]
[Site "Rd1-Birmingham"]
[Date "1999.10.09"]
[Round "1.2"]
[White "Bates, Richard"]
[Black "McDonald, Neil"]
[Result "1/2-1/2"]
[WhiteElo "2376"]
[BlackElo "2429"]
[PlyCount "36"]
[EventDate "1999.10.09"]
[SourceDate "2000.01.01"]

1. e4 e6 2. d4 d5 3. Nc3 Bb4 4. exd5 exd5 5. Qf3 Qe7+ 6. Be3 Nf6 7. a3 Bg4 8.
Qg3 Bd6 9. Qh4 Bf4 10. Nxd5 Nxd5 11. Qxg4 O-O 12. O-O-O Bxe3+ 13. fxe3 Nxe3 14.
Qe2 Nc6 15. Re1 Rfe8 16. Nf3 Qe6 17. Kb1 Rad8 18. Qd2 Nxf1 1/2-1/2

[Event "4NCL/Div1/IKHH-RI"]
[Site "Rd1-Birmingham"]
[Date "1999.10.09"]
[Round "1.4"]
[White "Quinn, Mark"]
[Black "Black, Richard"]
[Result "1-0"]
[WhiteElo "2377"]
[BlackElo "2254"]
[PlyCount "75"]
[EventDate "1999.10.09"]
[SourceDate "2000.01.01"]

1. Nf3 g6 2. e4 Bg7 3. d4 d6 4. Nc3 c6 5. Be3 Nd7 6. Qd2 b5 7. a4 b4 8. Nd1 a5
9. Bd3 Ngf6 10. Bh6 O-O 11. O-O e5 12. c3 Rb8 13. Re1 Re8 14. Bxg7 Kxg7 15. Ne3
Qc7 16. Nh4 Nf8 17. dxe5 dxe5 18. Rad1 Ne6 19. g3 Kh8 20. Nc4 Nc5 21. Qe3 Nxd3
22. Qxd3 Be6 23. Nd6 Red8 24. c4 Nd7 25. Qf3 f6 26. Rd2 Kg7 27. b3 Nc5 28. Red1
Rd7 29. Qe3 Qa7 30. Kg2 Rbd8 31. h3 Kf8 32. f4 Kg7 33. fxe5 fxe5 34. Qg5 Nxe4
35. Qxe5+ Nf6 36. Qxe6 Re7 37. Ndf5+ gxf5 38. Nxf5+ 1-0

[Event "4NCL/Div1/IKHH-RI"]
[Site "Rd1-Birmingham"]
[Date "1999.10.09"]
[Round "1.5"]
[White "Hassabis, Demis"]
[Black "Hinks-Edwards, Thomas"]
[Result "1/2-1/2"]
[WhiteElo "2235"]
[BlackElo "2291"]
[PlyCount "120"]
[EventDate "1999.10.09"]
[SourceDate "2000.01.01"]

1. c4 g6 2. Nc3 Bg7 3. g3 d6 4. Bg2 e5 5. e4 f5 6. d3 Nf6 7. Nge2 c6 8. O-O O-O
9. exf5 gxf5 10. d4 Nbd7 11. b3 exd4 12. Nxd4 Nc5 13. Bf4 Nfe4 14. Nce2 a5 15.
Qc2 Qf6 16. Rad1 Bd7 17. h4 Na6 18. Nxf5 Bxf5 19. Bxe4 Nb4 20. Qb1 Bxe4 21.
Qxe4 Rae8 22. Qf3 Nxa2 23. Qg4 Qe6 24. Qxe6+ Rxe6 25. Rd2 Nc3 26. Nxc3 Bxc3 27.
Rxd6 Rxd6 28. Bxd6 Rd8 29. Bc5 b5 30. Rc1 b4 31. Kf1 Rd3 32. Rb1 Rd2 33. g4 Kf7
34. Kg2 Re2 35. Be3 a4 36. bxa4 Ra2 37. Kf3 Rxa4 38. Ke4 Ra8 39. Kd3 Rd8+ 40.
Kc2 h5 41. gxh5 Ke6 42. h6 Kf5 43. Bc5 Rd2+ 44. Kb3 Rd3 45. Bxb4 Bd4+ 46. Kc2
Rh3 47. Rd1 Be5 48. Bd2 Rxh4 49. Kd3 Rd4+ 50. Ke2 Rxc4 51. Rh1 Bh8 52. Be3 Ra4
53. Rc1 Ra6 54. Kf3 Bf6 55. Rc4 Kg6 56. Kg4 Ba1 57. Bg5 Bf6 58. Be3 Ba1 59. Kh4
Bf6+ 60. Kg4 Ba1 1/2-1/2